| 000 | 00614nam a22002177a 4500 | ||
|---|---|---|---|
| 003 | OSt | ||
| 005 | 20220207194539.0 | ||
| 008 | 220120b xxu||||| |||| 00| 0 eng d | ||
| 020 | _a9780521119320 | ||
| 040 | _cKUDSIT | ||
| 082 | _a005.8 ALP/N | ||
| 100 |
_aAlpcan, Tansu _918938 |
||
| 245 |
_aNetwork security : _bA decision and game-theoretic approach |
||
| 260 |
_aNew York, _bCambridge University Press, _c2011. |
||
| 300 | _axiv, 314 p. | ||
| 650 |
_aCOMPUTER NETWORKS _918939 |
||
| 650 |
_aSECURITY MEASURES _918940 |
||
| 650 |
_aGAME THEORY _918941 |
||
| 700 |
_aBaşar, Tamer _918942 |
||
| 942 |
_2ddc _cBK |
||
| 999 |
_c6914 _d6914 |
||